000
00210nam a22000857a 4500
008
160624b xxu||||| |||| 00| 0 eng d
100
_9
1086
_a
Burnelt, F.H
245
_a
A Little Princess
260
_a
N.Y
_b
Scholastic Inc
999
_c
872
_d
872